000 00704nam a2200181Ia 4500
008 090124s9999 xx 000 0 und d
082 _b112019
100 _aसहस्त्रबुध्दे रमेश के.
245 _a शास्त्रीय जगांतील नवलकथा
250 _a1
260 _c1967
300 _a52+51
600 _aसहस्त्रबुध्दे रमेश के.
630 _a शास्त्रीय जगांतील नवलकथा
700 _aसहस्त्रबुध्दे रमेश के.
730 _a शास्त्रीय जगांतील नवलकथा
942 _cBOOK
999 _c158110
_d158110